Patrimonio urbano arquitectónico de Moisés Ville (Record no. 135773)
[ view plain ]
| 000 -LEADER | |
|---|---|
| fixed length control field | 00949nam a22002297a 4500 |
| 005 - DATE AND TIME OF LATEST TRANSACTION | |
| control field | 20251003103101.0 |
| 008 - FIXED-LENGTH DATA ELEMENTS--GENERAL INFORMATION | |
| fixed length control field | 251003b ag ||||| |||| 00| 0 spa d |
| 020 ## - INTERNATIONAL STANDARD BOOK NUMBER | |
| International Standard Book Number | 9875083712 |
| 050 04 - LIBRARY OF CONGRESS CALL NUMBER | |
| Classification number | NA837.M65 |
| Item number | C65 2004 |
| 100 1# - MAIN ENTRY--PERSONAL NAME | |
| Personal name | Collado, Adriana. |
| 245 10 - TITLE STATEMENT | |
| Title | Patrimonio urbano arquitectónico de Moisés Ville |
| Remainder of title | : inventario de la primera colonia agrícola judía en Argentina |
| Statement of responsibility, etc | / Adriana Collado, María Elena Del Barco, Eva Guelbert de Rosenthal. |
| 250 ## - EDITION STATEMENT | |
| Edition statement | 1a ed. |
| 260 ## - PUBLICATION, DISTRIBUTION, ETC. (IMPRINT) | |
| Place of publication, distribution, etc | Santa Fe, Argentina : |
| Name of publisher, distributor, etc | Universidad Nacional del Litoral, |
| Date of publication, distribution, etc | 2004. |
| 300 ## - PHYSICAL DESCRIPTION | |
| Extent | 123 p. : |
| Other physical details | il. ; |
| Dimensions | 30 cm. |
| 490 0# - SERIES STATEMENT | |
| Series statement | Polis científica ; |
| Volume number/sequential designation | 5. |
| 650 #7 - SUBJECT ADDED ENTRY--TOPICAL TERM | |
| Source of heading or term | lemb |
| Topical term or geographic name as entry element | Arquitectura |
| Geographic subdivision | Argentina |
| -- | Moisés Ville |
| 650 #7 - SUBJECT ADDED ENTRY--TOPICAL TERM | |
| Source of heading or term | lemb |
| Topical term or geographic name as entry element | Patrimonio cultural |
| Geographic subdivision | Argentina |
| -- | Moisés Ville |
| 650 #7 - SUBJECT ADDED ENTRY--TOPICAL TERM | |
| Source of heading or term | lemb |
| Topical term or geographic name as entry element | Estudios arquitectónicos |
| Geographic subdivision | Argentina |
| -- | Moisés Ville |
| 700 1# - ADDED ENTRY--PERSONAL NAME | |
| Personal name | Barco, María Elena del, |
| Relator term | autor |
| 700 1# - ADDED ENTRY--PERSONAL NAME | |
| Personal name | Rosenthal, Eva Guelbert, |
| Relator term | autor |
| 942 ## - ADDED ENTRY ELEMENTS (KOHA) | |
| Source of classification or shelving scheme | Biblioteca del Cogreso de los Estados Unidos |
| Koha item type | Libro |
| Estado de pérdida | Fuente de clasificación | Estado del daño | No para préstamo | Ubicación permanente | Ubicación actual | Apartado o colección | Fecha de adquisición | Fuente de adquisición | Edición | Área del conocimiento | Total Checkouts | Clasificación | Código de Barras | Date last seen | Número de copia | Costo por reposición | Tipo de recurso | Nota pública |
|---|---|---|---|---|---|---|---|---|---|---|---|---|---|---|---|---|---|---|
| Biblioteca del Cogreso de los Estados Unidos | Biblioteca de la Facultad de Arquitectura | Biblioteca de la Facultad de Arquitectura | General | 03/10/2025 | Donación | 1a ed. | Educación y Humanidades | NA837.M65 C65 2004 | BFA000006244 | 03/10/2025 | 1 | 1.00 | Libro | POSGRADO |